书目信息 |
| 题名: |
通鉴纪事本未
|
|
| 作者: | 柏杨 著 | |
| 分册: | ||
| 出版信息: | 中信 2009.03 |
|
| 页数: | 322页 | |
| 开本: | 24cm | |
| 丛书名: | ||
| 单 册: | ||
| 中图分类: | K204.4 | |
| 科图分类: | ||
| 主题词: | 中国--通史 | |
| 电子资源: | ||
| ISBN: | 978-7-5086-1398-7 | |
| 000 | 00668nam0 2200217 45 | |
| 001 | 0938254267 | |
| 005 | 20091021103951.68 | |
| 010 | @a978-7-5086-1398-7@dCNY38.00 | |
| 100 | @a20090515d2009 ekmy0 y0120 ea | |
| 102 | @aCN@b130000 | |
| 105 | @ay z 000yy | |
| 200 | 1 | @a通鉴纪事本未@Atong jian ji shi ben wei@e慕容超传奇。王师定中原日@f柏杨著@Fbai yang zhu |
| 210 | @c中信@d2009.03 | |
| 215 | @a322页@d24cm | |
| 517 | 1 | @a慕容超传奇。王师定中原日@Amu rong chao chuan qi。wang shi ding zhong yuan ri |
| 606 | 0 | @a中国@x通史 |
| 690 | @aK204.4@v4 | |
| 701 | 0 | @a柏杨@Abai yang@4著 |
| 801 | 0 | @aCN@c20091021 |
| 905 | @a10447@dK204.4@eB9282:8 | |
| 906 | @d38@n3@r1 | |
| 通鉴纪事本未:慕容超传奇。王师定中原日/柏杨著.-中信,2009.03 |
| 322页;24cm |
| ISBN 978-7-5086-1398-7:CNY38.00 |
| ● |
| 相关链接 |
|
|
|
正题名:通鉴纪事本未
索取号:K204.4/B9282:8
 
预约/预借
| 序号 | 登录号 | 条形码 | 馆藏地/架位号 | 状态 | 备注 |
| 1 | 656499 | 206564993 | 自科二线404/400A自科库 51排1列3层/ [索取号:K204.4/B9282:8] | 在馆 | |
| 2 | 656500 | 206565000 | 自科二线404/400A自科库 51排1列3层/ [索取号:K204.4/B9282:8] | 在馆 | |
| 3 | 656501 | 206565019 | 自科二线404/400A自科库 51排1列3层/ [索取号:K204.4/B9282:8] | 在馆 |